| 000 | 00552nam a2200205Ia 4500 | ||
|---|---|---|---|
| 005 | 20250508150345.0 | ||
| 008 | 008 250505s9999 xx 000 0 hin d | ||
| 037 | _aTextual | ||
| 040 |
_aFEDL _beng _cFEDL |
||
| 041 |
_ahin _2eng |
||
| 084 |
_a338.64, SEN _qFEDL |
||
| 100 |
_aSen Singh Gopal Narayan _9756492 |
||
| 245 | 0 | _aGrah - shilp | |
| 260 |
_aKashi, India _bGyan Mandal _c1978 |
||
| 300 | _a62p | ||
| 490 | _aGyan Mandal granthmala ;9 | ||
| 650 | _aEconomics | ||
| 942 |
_cTEXL _h338.64, SEN |
||
| 999 |
_c1323168 _d1323168 |
||